| 000 | 00519nam a2200217Ia 4500 | ||
|---|---|---|---|
| 003 | 0100 | ||
| 008 | 130303s9999 xx 000 0 und d | ||
| 020 | _a314935312 | ||
| 040 | _cARRUPELIB | ||
| 050 | _aK230.C59E58 1987 | ||
| 100 | _aClark, Malcolmm | ||
| 245 | 4 | _aThe enterprise of law | |
| 245 | _bquestions in legal experience and philosophy | ||
| 260 | _aSt.Paul, MN | ||
| 260 | _bWest Pub. Co. | ||
| 260 | _C1987 | ||
| 300 | _axix | ||
| 300 | _b 413p. 25cm | ||
| 700 | _aMalcolmm Clark | ||
| 942 | 0 | 0 | _01 |
| 999 |
_c14571 _d14571 |
||